000 00610nam a22002057a 4500
005 20240530110927.0
008 220221s1979 ua c g b 000 0 ara d
017 _bمصر. دار الكتب
040 _aEG-CaGPL
_cEG-CaGPL
082 0 4 _221
_a910.4 /
_bح ى
100 0 _aحسن فهمى
245 _aيا عينى عليك /
_cحسن فهمى
260 _aالقاهرة :
_bدار الشروق ،
_c1979
300 _a306 ص؛
_c24 سم
650 0 7 _aحسن فهمى
_2qrmak
650 0 7 _aالتراجم
_2qrmak
651 _2qrmak
942 _2ddc
_cBK
999 _c66585
_d66585